| 000 | 00453nam a2200169Ia 4500 | ||
|---|---|---|---|
| 003 | GCL | ||
| 005 | 20240530102228.0 | ||
| 008 | 140319s9999 xx 000 0 ara d | ||
| 040 |
_aGCL / _cGCL |
||
| 082 | 0 | 4 |
_a377.1 _bم د |
| 100 | 1 | _aمقداد يالجن | |
| 245 | 1 | 0 |
_a000000000000 _cمقداد يالجن |
| 260 |
_a[S.N] : _bدار الشروق ، _c1983 |
||
| 300 | _a121 ص | ||
| 650 | 0 | 4 | _aالتربية الاسلامية |
| 942 |
_2ddc _cBK |
||
| 999 |
_c30726 _d30726 |
||